000 00488nam a2200217Ia 4500
003 OSt
005 20230511100332.0
008 210423s2011 xx 000 0 und d
020 _a9788120343290
040 _cAL
041 _aeng
082 _a512 ARTM
100 _aARTIN (Michael).
_989624
245 _aAlgebra.
250 _a2
260 _aNew Delhi
_bPHI Learning Pvt Ltd
_c2011
300 _axv,543
_bPB
365 _b375
_cINR
906 _aAlgebra.
942 _2ddc
_cBK
999 _c159990
_d159990